UM Logo

Mining crackdown to worsen poverty: (Record no. 9583)

MARC details
000 -LEADER
fixed length control field 00482nam a2200121 4500
008 - FIXED-LENGTH DATA ELEMENTS--GENERAL INFORMATION
fixed length control field 180709b ||||| |||| 00| 0 eng d
100 ## - MAIN ENTRY--PERSONAL NAME
9 (RLIN) 28482
Personal name Canivel, Roy Stephen C.
245 ## - TITLE STATEMENT
Title Mining crackdown to worsen poverty:
Remainder of title Employee's group says economic implications will escalate to national proportion and hurt economic growth
Statement of responsibility, etc. Roy Stephen C. Canivel
260 ## - PUBLICATION, DISTRIBUTION, ETC. (IMPRINT)
Place of publication, distribution, etc. Philippines
Name of publisher, distributor, etc. Philippine Daily Inquirer
Date of publication, distribution, etc. c2017
300 ## - PHYSICAL DESCRIPTION
Extent page B2-1.
650 #0 - SUBJECT ADDED ENTRY--TOPICAL TERM
9 (RLIN) 28483
Topical term or geographic name as entry element Poverty.
942 ## - ADDED ENTRY ELEMENTS (KOHA)
Source of classification or shelving scheme Dewey Decimal Classification
Koha item type Periodicals
Holdings
Withdrawn status Lost status Source of classification or shelving scheme Damaged status Not for loan Collection code Home library Current library Date acquired Total Checkouts Date last seen Price effective from Koha item type Public note
    Dewey Decimal Classification     Periodicals UM Digos College - LIC UM Digos College - LIC 07/09/2018   07/09/2018 07/09/2018 Periodicals Newspaper Clippings